Biologie végétale : Nutrition et métabolisme (notice n° 1941851)

détails MARC
000 -LEADER
fixed length control field 01627cam a2200193 4500500
005 - DATE AND TIME OF LATEST TRANSACTION
control field 20260329030023.0
041 ## - LANGUAGE CODE
Language code of text/sound track or separate title fre
042 ## - AUTHENTICATION CODE
Authentication code dc
100 10 - MAIN ENTRY--PERSONAL NAME
Personal name Morot-Gaudry
Relator term author
245 00 - TITLE STATEMENT
Title Biologie végétale : Nutrition et métabolisme
260 ## - PUBLICATION, DISTRIBUTION, ETC.
Name of publisher, distributor, etc. Dunod,<br/>
Date of publication, distribution, etc. 2021.<br/>
520 ## - SUMMARY, ETC.
Summary, etc. Intégrant les derniers acquis de la biologie cellulaire et de la génétique moléculaire, cet ouvrage en deux volumes offre un panorama de l’ensemble de la biologie végétale enseignée dans les premières années d’études supérieures (Licence, Pharmacie, classes préparatoires, IUT). Ce volume traite de la nutrition hydrominérale, de la photosynthèse et du métabolisme intermédiaire des plantes. Clair et concis, très illustré, le cours est enrichi par des encarts apportant quelques compléments techniques ou historiques. Des questions de révision en fin de chapitre, toutes corrigées, permettent de tester ses connaissances et de s’entraîner avant l’épreuve. Dans cette troisième édition, actualisée, de nouveaux encarts replacent la biologie végétale dans l'actualité (utilisation des engrais, des pesticides, photosynthèse et régulation du climat, chimie verte, etc.). Quelques compléments sont disponibles sur le site dunod.com (aquaporines, métaux lourds, rhizosphère, rubisco…).
700 10 - ADDED ENTRY--PERSONAL NAME
Personal name Maurel, Christophe
Relator term author
700 10 - ADDED ENTRY--PERSONAL NAME
Personal name Moreau, François
Relator term author
700 10 - ADDED ENTRY--PERSONAL NAME
Personal name Prat, Roger
Relator term author
700 10 - ADDED ENTRY--PERSONAL NAME
Personal name Maurel, Christophe
Relator term author
700 10 - ADDED ENTRY--PERSONAL NAME
Personal name Sentenac, Hervé
Relator term author
856 41 - ELECTRONIC LOCATION AND ACCESS
Uniform Resource Identifier <a href="https://stm.cairn.info/biologie-vegetale--9782100824878?lang=fr&redirect-ssocas=7080">https://stm.cairn.info/biologie-vegetale--9782100824878?lang=fr&redirect-ssocas=7080</a>

Pas d'exemplaire disponible.

PLUDOC

PLUDOC est la plateforme unique et centralisée de gestion des bibliothèques physiques et numériques de Guinée administré par le CEDUST. Elle est la plus grande base de données de ressources documentaires pour les Étudiants, Enseignants chercheurs et Chercheurs de Guinée.

Adresse

627 919 101/664 919 101

25 boulevard du commerce
Kaloum, Conakry, Guinée

Réseaux sociaux

Powered by Netsen Group @ 2025